00413nam a2200169Ia 4500008004100000020001400041245003200055245003000087245002700117260001500144260001600159260000900175300001600184300002500200300001000225500000800235170705s9999 xx 000 0 und d a590363212 4aThe tarantula in my purse : band 172 other wild pets / cJean Craighead George. aNew York : bScholastic, c1996 a134 pages : bcolor illustration ; c19cm. a830